01015cam a22003011 450000100060000000300080000600500170001400800410003103500190007203500200009104000300011104100080014104200120014904300120016108200290017310000440020224500540024626000450030030000410034550000200038650400470040665000300045365000310048390600450051494200120055999900170057195201250058874913BD-RjUL20211209082623.0840413s1936 at af b 001 0 eng  a(BD-RjUL)75131 a(OCoLC)14011108 aDLCcUPBdOCoLCdDLCbeng aeng apremarc au-at--- a582.160994223bAUN 19361 aAudas, James Wales,d1872-1959.922624410aNative trees of Australia,cby James Wales Audas. aMelbourne,bWhitcombe and Tombsc[1936?] a394 p.billus., col. plates.c24 cm. aIncludes index. aBibliography included in "Preface:" p. [9] 0aTreeszAustralia.9226245 0aTimberzAustralia.9226246 a7bcbccoclcrplduencipf19gy-gencatlg 2ddccBK c74913d74913 00102ddc40708NFICaRUCLbRUCLcReadingd1959-05-10l0o582.160994 AUN 1936r2018-12-20 00:00:00tC-1w2018-12-20yBK